Riconosci il Trasferimento - Quiz n°26 - Statistics

Statistiche generali
  • Questo quiz è stato fatto 285 volte
  • Il punteggio medio è 12 su 20
Statistiche sulle risposte
Ruolo Nazione Trasferimenti Calciatore % Corretto
Centrocampista Galles Cardiff City 2006 - Arsenal 2008 - Nottingham Forest 2010 - Cardiff City 2011 - Arsenal 2011 - Juventus 2019 - Rangers 2022 - Nizza 2022 - Cardiff City 2023 Aaron Ramsey
94%
Attaccante Inghilterra Stocksbridge P.S. 2007 - Halifax 2010 - Fleetwood Town 2011 - Leicester City 2012 Jamie Vardy
94%
Centrocampista Brasile Vasco da Gama 2009 - Udinese 2012 - Napoli 2015 - Everton 2020 - Al-Wahda 2022 Allan
85%
Difensore Argentina Belgrano 2016 - Genoa 2018 - Atalanta 2020 - Tottenham 2021 Cristian Romero
81%
Portiere Italia Novara 2012 - Siena 2015 - Carpi 2016 - Novara 2017 - Benevento 2018 - Hellas Verona 2021 Lorenzo Montipò
77%
Difensore Uruguay Rentistas 2016 - Boston River 2017 - Barcellona B 2018 - Barcellona 2019 Ronald Araújo
77%
Attaccante Svezia IK 2016 - Borussia Dortmund 2017 - Borussia Dortmund II 2018 - Willem II 2019 - Real Sociedad 2019 - Newcastle Utd 2022 Alexander Isak
71%
Centrocampista Paesi Bassi / Marocco Utrecht 2015 - Feyenoord 2017 - Club Bruges 2018 - Hellas V3erona 2019 - Fiorentina 2020 Sofyan Amrabat
70%
Centrocampista Italia San Marino 2013 - Cesena 2015 - Sassuolo 2016 - Inter 2019 - Sampdoria 2022 - Monza 2022 - Inter 2023 Stefano Sensi
65%
Difensore Argentina River Plate 2016 - Fiorentina 2020 Lucas Martínez Quarta
64%
Difensore Italia Inter 2010 - Juve Stabia 2011 - Cittadella 2012 - Catania 2013 - Chievo 2014 - Granada 2015 - Pescara 2016 - Fiorentina 2017 - Inter 2019 - Fiorentina 2020 Cristiano Biraghi
62%
Attaccante Italia Genoa 2016 - Monaco 2018 - Milan 2021 - Torino 2022 Pietro Pellegri
57%
Centrocampista Spagna / Brasile Barcellona B 2010 - Barcellona 2011 - Celta Vigo 2013 - Barcellona 2014 - Inter 2018 - Barcellona 2018 - Celta Vigo 2019 - Paris Saint-Germain 2020 - Real Sociedad 2022 - Al -Arabi 2022 Rafinha
53%
Difensore Francia / Senegal Paris Saint-Germain 2 2015 - Lilla 2017 - Monaco 2019 - Milan 2021 Fodé Ballo-Touré
50%
Attaccante Belgio Genk 2007 - Standard Liegi 2009 - Kortrijk 2009 - Standard Liegi 2010 - Malines 2010 - Standard Liegi 2011 - Genk 2011 - Aston Villa 2012 - Liverpool 2015 - Crystal Palace 2016 - D.C. United Christian Benteke
47%
Difensore Inghilterra Huddersfield Town 2015 - Leicester City 2016 - Chelsea 2020 Ben Chilwell
43%
Attaccante Inghilterra Manchester City 2006 - Chelsea 2009 - Bolton 2011 - Chelsea 2011 - Liverpool 2013 - West Bromwich 2018 - Liverpool 2018 - Trabzonspor 2019 - Perth Glory 2021 Daniel Sturridge
39%
Attaccante Italia Pisa 1999 - Rondinella 2000 - Empoli 2001 - Valencia 2006 - Roma 2007 - Livorno 2007 - Empoli 2011 - Avellino 2015 - Prato 2016 - Carrarese 2017 - Prato 2020 - Ponsacco 2021 - Tuttocuoio 2022 Francesco Tavano
26%
Centrocampista Portogallo Sporting Braga 2000 - Benfica 2002 - Chelsea 2004 - Olympique Lione 2005 - Juventis 2007 - Atletico Madrid 2010 Tiago
25%
Attaccante Italia Cesena 2002 - Milan 2004 - Napoli 2004 - Pescara 2005 - Empoli 2005 - Sampdoria 2009 - Siena 2013 - Sampdoria 2013 - Parma 2014 - Chievo 2015 - Vicenza 2015 - Pro Piacenza 2016 - San Donato Tavarnelle 2017 Nicola Pozzi
9%
Nessun quiz corrispondente trovato
Distribuzione punteggi
Percentuale di utenti per punteggio
Percentile per numero di risposta
I tuoi punteggi nel tempo
Non hai fatto questo quiz